| 000 | 00766nam a22001817a 4500 | ||
|---|---|---|---|
| 999 |
_c371619 _d371619 |
||
| 008 | 201127b ||||| |||| 00| 0 eng d | ||
| 040 |
_aDE-2950 _bger _cDE-2950 _erda |
||
| 041 | _ager | ||
| 245 |
_aHarry Potter und Star Wars bei den Sommerklängen. _bKultur: Erneut findet in Frankfurt das kostenlose Musikfestival Klassik im Park" statt. Kinder und die Ukraine spielen dabei besondere Rollen / _cJacqueline Westermann |
||
| 264 | _c2022 | ||
| 653 | _aFrankfurt (Oder) | ||
| 653 | _aKonzertreihe "Klassik im Park" | ||
| 773 |
_dFrankfurt (Oder) Märkisches Verlags- und Druckhaus GmbH & Co KG _tMärkische Oderzeitung _g33. Jahrgang (2022) Nr. 112 vom 14./15.05.2022, S. 20 |
||
| 942 | _cA | ||